000 00627nam a2200241Ia 4500
003 OSt
005 20220912152004.0
006 a|||||r|||| 00| 0
007 ta
008 220909b |||||||| |||| 00| 0 eng d
024 _a62572
037 _cTextual
040 _aCSL
_beng
_cCSL
041 _aeng
082 _aL:421:5, K2
100 _aChest and heart, associations (London)
245 0 _aTuberculosis prevention and control
260 _c1962
300 _ap.
_ccm.
650 _aTuberculosis
942 _hL:421:5, K2
_cTEXL
_2CC
999 _c78750
_d78750